Apodos Lqsa - Estadísticas

Estadísticas generales
  • Esta prueba ha sido intentada 30 veces
  • La puntuación promedio es 12 de 25
Estadísticas de respuestas
Personaje Apodo % Correcto
Antonio Recio Pescadero
89%
Germán Palomares El moroso
85%
Fermín Trujillo El espetero
81%
Vicente Maroto Hombre cojín
81%
Maite Figueroa La Cuqui
81%
Nines Chacon El bicho
74%
Javi Maroto El pelocho
74%
Judith Becker La guarrilla pelirroja
70%
Goya Gutiérrez Doña Croqueta
67%
Maxi Angulo Mente Fría
67%
Leo Romani El friki
59%
Amador Jr Rivas Ojos de pollo
59%
Lola Trujillo La chihuahua
56%
Antonio Recio Rancio
48%
Amador Rivas Limpia cacas
41%
Amador Rivas Capitan salami
37%
Coque Calatrava El tonto
30%
Enrique Pastor Papuchi
30%
Amador Rivas El Cornudo de España
19%
Alba Recio El travelo
15%
Raquel Villanueva La Barbie
15%
Berta Escobar Son quisquilla
15%
Enrique Pastor Concejalucho
7%
Araceli Madariaga La lesbiana espiritual
0%
Izaskun Vieja chocha
0%
No se encontraron pruebas coincidentes
Distribución de puntuación
Porcentaje de gente con cada puntuación
Porcentaje por número respondido
Historial de tus puntuaciones
No has intentado esta prueba.